[Event "Kiel op 22nd"]
[Site "Kiel"]
[Date "2009.08.01"]
[Round "1"]
[White "Hantelmann, Niels"]
[Black "Frackowiak, Oliver"]
[Result "0-1"]
[WhiteElo "1768"]
[BlackElo "2099"]
[PlyCount "86"]
[EventDate "2009.08.01"]
[EventType "swiss"]
[EventRounds "7"]
[EventCountry "GER"]
[SourceTitle "EXT 2010"]
[Source "ChessBase"]
[SourceDate "2010.11.25"]
[SourceVersion "1"]
[SourceVersionDate "2010.11.25"]
[SourceQuality "1"]

1. c4 Nf6 2. d4 g6 3. Nc3 Bg7 4. e4 d6 5. Be2 0-0 6. Nf3 e5 7. d5 Na6 8. 0-0 Nc5 9. Qc2 a5 10. Be3 Ne8 11. a3 f5 12. Bxc5 dxc5 13. exf5 gxf5 14. Nd2 Nd6 15. Nb5 e4 16. Nb3 b6 17. f4 Nxb5 18. cxb5 Kh8 19. Rad1 Qf6 20. Nd2 Qxb2 21. Qxb2 Bxb2 22. Nc4 Bd4+ 23. Kh1 Rb8 24. d6 cxd6 25. Nxd6 Be6 26. Bc4 Bxc4 27. Nxc4 Rf6 28. a4 Re8 29. Rfe1 Kg7 30. g3 h5 31. Re2 h4 32. Rg2 Rh8 33. g4 fxg4 34. Rxg4+ Kf7 35. Re1 Ke6 36. h3 Kd5 37. Nd2 e3 38. Rg5+ Ke6 39. Nf1 Rxf4 40. Nxe3 Re4 41. Nc2 Rxe1+ 42. Nxe1 Rf8 43. Nd3 Rf3 0-1